| 000 | 01694nam0a2200385 4500 | ||
|---|---|---|---|
| 001 | RU\NLR\bibl\1180683 | ||
| 005 | 20260408200330.0 | ||
| 010 | _a5-93972-470-1 | ||
| 035 | _a(NLR Aleph) 001167291 | ||
| 035 | _a(nilc)EL/0000104865 | ||
| 090 |
_a1575084 _c1575084 |
||
| 100 | _a20070201d2006 u y0rusy50 ca | ||
| 101 | 0 | _arus | |
| 102 | _aRU | ||
| 105 | _aa ||||||||| | ||
| 200 | 1 |
_aХаотическая динамика и классическая теория устойчивости движения _fГ. А. Леонов |
|
| 210 |
_aМосква _aИжевск _cИнститут компьютерных исследований _cR&C Dynamics _d2006 |
||
| 215 |
_a167 с. _cил. _d20 |
||
| 225 | 1 |
_aСовременная математика _fред.совет: А.В. Болсинов [и др.] |
|
| 320 | _aБиблиогр.: с. 157-165 (118 назв.) | ||
| 320 | _aПредм. указ.: с. 166-167 | ||
| 606 | 1 |
_aДинамические системы хаотические _92120930 _3RU\NLR\auth\661280731 |
|
| 606 |
_aДвижение (мех.) _xУстойчивость _xЛяпунова теория _3RU\NLR\auth\661428607 _92396107 |
||
| 686 |
_a22.236 _vLBC/RL _2rubbk |
||
| 686 |
_a22.236.37 _vLBC/RL _2rubbk |
||
| 686 | _aВ236.371 | ||
| 686 | _aВ162.7 | ||
| 700 | 1 |
_4070 _8rus _7ca _aЛеонов _bГ. А. _cд-р физ.-мат. наук _f1947-2018 _gГеннадий Алексеевич _3RU\NLR\AUTH\7731633 _914643 |
|
| 801 | 0 |
_aRU _bНБР Удмуртия _c20070201 _grcr |
|
| 801 | 1 |
_aRU _bНБР Удмуртия _c20070201 |
|
| 801 | 2 |
_aRU _bNLR _c20080128 _grcr |
|
| 830 | _aавт. по кн. | ||
| 942 | _cBOOK | ||
| 980 | _aNB | ||